Statistics for Southwest Chief-Western stops for the train

Click here to take the quiz!

General Stats

  • This quiz has been taken 8 times
  • The average score is 7 of 15

Answer Stats

HintAnswer% Correct
CaliforniaLos Angeles
100%
12Albuqueerque
67%
13Lamy
67%
3Riverside
67%
4San Bernadino
67%
6Barstow
50%
New MexicoGallup
50%
14Las Vegas
50%
5Victorville
50%
9Flagstaff
33%
7Needles
33%
15Raton
33%
10Winslow
33%
2Fullerton
17%
ArizonaKingman
17%

Score Distribution

Percentile by Number Answered

Percent of People with Each Score

Your Score History

You have not taken this quiz